00752nam a22002057a 4500999001900000005001700019010001300036020002600049035001200075037001300087082000800100100002200108245006500130246005100195260005300246270005900299300002500358942003000383952013300413 c197388d19738820230822161653.0 aUR-12157 a9788196029388c200.00 aU-10712 bDBAD/PUB a841 aسلیم انور aاردو غزل :bسمت و رفتار /cسلیم انور aUrdu ghazal : samt-o-raftar /bby Saleem Anwar aNew DelhibEducational Publishing Housec2023 ء aH.O. D1/16, Ansari Road, Darya GanjbNew Delhie110002 a168صc23cm(Hb)  2ddccURmس ل یe h841 001040708NFICaMPbMPd2023-08-22eDBAD/PUBg200.00l0o841 س ل یpU-10712r2023-08-22 00:00:00t1v200.00w2023-08-22yUR